[Event "Prague Summer op-A 8th"]
[Site "Prague"]
[Date "2021.08.07"]
[Round "2"]
[White "Nguyen, Alex Dac Vuong"]
[Black "Wollenweber, Carsten"]
[Result "1-0"]
[WhiteElo "2290"]
[BlackElo "2079"]
[PlyCount "59"]
[EventDate "2021.08.06"]
[EventType "swiss"]
[EventRounds "9"]
[EventCountry "CZE"]
[SourceTitle "CBM 203 Extra"]
[Source "ChessBase"]
[SourceDate "2021.09.30"]
[SourceVersion "1"]
[SourceVersionDate "2021.09.30"]
[SourceQuality "1"]

1. e4 g6 2. d4 Bg7 3. Nf3 d6 4. Bc4 e6 5. 0-0 a6 6. Re1 Ne7 7. c3 Nd7 8. Nbd2 h6 9. Nf1 b5 10. Bd3 Bb7 11. a4 c6 12. Ng3 0-0 13. h4 Nf6 14. Qe2 Kh8 15. Bf4 Neg8 16. Bc2 Ng4 17. Rad1 Qe7 18. e5 dxe5 19. dxe5 Rfd8 20. h5 g5 21. Qe4 f5 22. Nxf5 exf5 23. Qxf5 Bf8 24. Bg3 Bc8 25. Qe4 Bd7 26. Nd4 Ra7 27. Nf5 Qh7 28. Qxg4 Ne7 29. e6 Bxe6 30. Rxd8 1-0

[Event "Arco op 41st"]
[Site "Arco"]
[Date "2019.10.08"]
[Round "5"]
[White "Wollenweber, Carsten"]
[Black "Kostov, Deyan Samuil"]
[Result "1/2-1/2"]
[WhiteElo "2074"]
[BlackElo "1934"]
[PlyCount "74"]
[EventDate "2019.10.04"]
[EventType "swiss"]
[EventRounds "9"]
[EventCountry "ITA"]
[SourceTitle "EXT 2020"]
[Source "ChessBase"]
[SourceDate "2019.10.17"]
[SourceVersion "1"]
[SourceVersionDate "2019.10.17"]
[SourceQuality "1"]

1. e4 c5 2. c4 Nc6 3. Nc3 g6 4. g3 Bg7 5. Bg2 e6 6. f4 d6 7. d3 Nge7 8. Be3 Nd4 9. Nge2 Nec6 10. 0-0 0-0 11. Kh1 Rb8 12. Rb1 a6 13. g4 f5 14. Ng3 Bd7 15. gxf5 exf5 16. a3 fxe4 17. dxe4 Qh4 18. b4 Bg4 19. Qd2 Bh6 20. Nd5 b6 21. b5 axb5 22. cxb5 Na5 23. Bxd4 cxd4 24. Qxd4 Be6 25. e5 Bg7 26. Nf6+ Bxf6 27. exf6 Qxf6 28. Qxf6 Rxf6 29. Ne4 Rff8 30. Nxd6 Rbd8 31. Rbd1 Nc4 32. Nxc4 Bxc4 33. Rxd8 Rxd8 34. Rb1 Bxb5 35. Kg1 Bc4 36. Rxb6 Rd4 37. Kf2 Rd2+ 1/2-1/2

[Event "Amantea op 16th"]
[Site "Amantea"]
[Date "2018.09.11"]
[Round "4"]
[White "Wollenweber, Carsten"]
[Black "Legky, Nikolay A"]
[Result "1/2-1/2"]
[WhiteElo "2072"]
[BlackElo "2419"]
[PlyCount "163"]
[EventDate "2018.09.09"]
[EventType "swiss"]
[EventRounds "9"]
[EventCountry "ITA"]
[SourceTitle "CBM 186 Extra"]
[Source "ChessBase"]
[SourceDate "2018.08.24"]
[SourceVersion "1"]
[SourceVersionDate "2018.08.24"]
[SourceQuality "1"]

1. e4 b6 2. f4 Bb7 3. Nc3 e6 4. Nf3 d5 5. exd5 exd5 6. d4 Nf6 7. Ne5 Bb4 8. Bd3 0-0 9. 0-0 c5 10. a3 Bxc3 11. bxc3 Ba6 12. Be3 Bxd3 13. cxd3 Nbd7 14. Qf3 Rc8 15. g4 cxd4 16. cxd4 Nb8 17. Rac1 Rxc1 18. Rxc1 Ne8 19. Bd2 Nc7 20. f5 f6 21. Nc6 Nxc6 22. Rxc6 Nb5 23. Qe3 Re8 24. Re6 Kf7 25. Qh3 Kg8 26. Qe3 Nc7 27. Rxe8+ Qxe8 28. Qf4 Qd7 29. h4 h6 30. g5 hxg5 31. hxg5 fxg5 32. Qxg5 Nb5 33. Qf4 Nd6 34. f6 gxf6 35. Qxf6 Qg7+ 36. Qxg7+ Kxg7 37. a4 Kf7 38. Bf4 Ke6 39. Kf2 Kd7 40. Ke2 Nf5 41. Be5 Ne7 42. Kd2 Nc6 43. Kc3 Ke6 44. Bc7 Kf5 45. Bd6 Kg4 46. Be5 Kf3 47. Kd2 Kf2 48. Bf6 Kg3 49. Be5+ Kf3 50. Bf6 Kf4 51. Bg7 Kf5 52. Kc3 Ke6 53. Bh6 Kd7 54. Bf4 Kc8 55. Be5 Kb7 56. Bf6 Ka6 57. Be5 b5 58. Kb3 Kb6 59. Bg7 Ka5 60. axb5 Kxb5 61. Kc3 Ka4 62. Bf8 a6 63. Bd6 Na7 64. Bc5 Nc6 65. Bd6 Kb5 66. Bc5 a5 67. Bd6 Nd8 68. Be7 Ne6 69. Bd6 Kb6 70. Be5 Kc6 71. Kb3 Kb5 72. Kc3 Kb6 73. Kb3 Nc7 74. Ka4 Nb5 75. Kb3 Na7 76. Bf6 Kb5 77. Be7 a4+ 78. Kc3 Ka5 79. Bd8+ Ka6 80. Be7 Kb5 81. Bd6 Nc6 82. Ba3 1/2-1/2

[Event "Oberliga Nord N 1718"]
[Site "Germany"]
[Date "2018.01.21"]
[Round "5.4"]
[White "Junge, Kai"]
[Black "Wollenweber, Carsten"]
[Result "1-0"]
[WhiteElo "2215"]
[BlackElo "2073"]
[PlyCount "83"]
[EventDate "2017.10.08"]
[EventType "team-tourn"]
[EventRounds "9"]
[EventCountry "GER"]
[SourceTitle "EXT 2019"]
[Source "ChessBase"]
[SourceDate "2018.10.10"]
[SourceVersion "1"]
[SourceVersionDate "2018.10.10"]
[SourceQuality "1"]
[WhiteTeam "Preetz"]
[BlackTeam "Bargteheide"]
[WhiteTeamCountry "GER"]
[BlackTeamCountry "GER"]

1. Nf3 Nf6 2. g3 c6 3. Bg2 d6 4. d4 Nbd7 5. 0-0 e5 6. c4 Qc7 7. Nc3 Be7 8. e4 h6 9. h3 g5 10. b3 Nf8 11. dxe5 dxe5 12. Ne1 Bd7 13. Be3 0-0-0 14. Qc2 Kb8 15. Nd3 Ne6 16. Rfd1 Bc8 17. b4 Nd7 18. c5 h5 19. Rac1 h4 20. Qa4 hxg3 21. fxg3 a6 22. Qc2 Nd4 23. Qf2 Bf6 24. Nb2 Rh6 25. Nc4 Nf8 26. h4 Nfe6 27. Nb6 Rg6 28. h5 Rh6 29. Ncd5 cxd5 30. exd5 Qe7 31. Nxc8 Rxc8 32. dxe6 fxe6 33. g4 Rhh8 34. Qb2 Rhd8 35. a4 Qd7 36. Qa2 Rc7 37. Qc4 Qc8 38. Be4 Rcd7 39. b5 axb5 40. axb5 Nxb5 41. Rxd7 Qxd7 42. c6 1-0

[Event "Hamburg St Pauli op-A"]
[Site "Hamburg"]
[Date "2015.07.20"]
[Round "4"]
[White "Klenburg, Mikhail"]
[Black "Wollenweber, Carsten"]
[Result "1-0"]
[WhiteElo "2357"]
[BlackElo "2090"]
[PlyCount "65"]
[EventDate "2015.07.18"]
[EventType "swiss"]
[EventRounds "9"]
[EventCountry "GER"]
[SourceTitle "EXT 2016"]
[Source "ChessBase"]
[SourceDate "2015.10.08"]
[SourceVersion "1"]
[SourceVersionDate "2015.10.08"]
[SourceQuality "1"]

1. Nf3 Nf6 2. g3 d5 3. Bg2 Bf5 4. 0-0 h6 5. d3 e6 6. c4 Be7 7. Qb3 Qc8 8. Nc3 c6 9. Bf4 0-0 10. cxd5 exd5 11. Rac1 Bh7 12. Nb5 Ne8 13. Nc3 Nf6 14. Ne5 Nbd7 15. Nxd7 Qxd7 16. e4 g5 17. Bd2 Rfd8 18. e5 Nh5 19. d4 Ng7 20. Ne2 Qf5 21. Qxb7 Qd3 22. Bc3 Bf8 23. Rfe1 Qg6 24. Qa6 h5 25. Ba5 Rdc8 26. Rc3 h4 27. Rec1 Qh5 28. Bf3 g4 29. Nf4 Qg5 30. Bxd5 cxd5 31. Rxc8 Rxc8 32. Qxc8 Be4 33. Bb4 1-0

[Event "Hamburg St Pauli op-A"]
[Site "Hamburg"]
[Date "2014.07.23"]
[Round "5"]
[White "Trent, Lawrence"]
[Black "Wollenweber, Carsten"]
[Result "1-0"]
[WhiteElo "2469"]
[BlackElo "2105"]
[PlyCount "115"]
[EventDate "2014.07.19"]
[EventType "swiss"]
[EventRounds "9"]
[EventCountry "GER"]
[SourceTitle "CBM 161 Extra"]
[Source "ChessBase"]
[SourceDate "2014.08.29"]
[SourceVersion "1"]
[SourceVersionDate "2014.08.29"]
[SourceQuality "1"]

1. d4 Nf6 2. Bg5 d5 3. e3 Ne4 4. Bf4 Bf5 5. f3 Nd6 6. Bd3 e6 7. Ne2 Be7 8. 0-0 Nc6 9. Nbc3 g5 10. Bxd6 Qxd6 11. Bxf5 exf5 12. Qd3 Qd7 13. a3 0-0-0 14. f4 Bf6 15. Ng3 Ne7 16. fxg5 Bxg5 17. Kh1 c6 18. Nxf5 Nxf5 19. Rxf5 f6 20. Raf1 Rhe8 21. Nd1 Re4 22. c4 Qe6 23. cxd5 cxd5 24. Qb5 Qc6 25. Qxc6+ bxc6 26. R5f3 h5 27. Kg1 Rde8 28. Kf2 h4 29. Re1 c5 30. Nc3 cxd4 31. Nxe4 dxe3+ 32. Ke2 Rxe4 33. Kd3 Kd7 34. b4 Kc6 35. Re2 Kb5 36. Rf5 Kc6 37. Rb2 Kd6 38. a4 Ke6 39. Rf3 Ke5 40. Ke2 Kd4 41. Rb3 Kc4 42. Rd3 Rg4 43. g3 hxg3 44. Rxg3 Rh4 45. h3 d4 46. Rg4 Rxg4 47. hxg4 Bf4 48. Rd1 Be5 49. b5 Kb4 50. Rb1+ Kxa4 51. b6 axb6 52. Rxb6 Ka5 53. Re6 Kb4 54. g5 Kc4 55. gxf6 Bf4 56. f7 d3+ 57. Kf3 Bh6 58. Rxh6 1-0

[Event "Rome Lazio op 2nd"]
[Site "Rome"]
[Date "2014.01.03"]
[Round "3"]
[White "Wollenweber, Carsten"]
[Black "Pecorari, Marcello"]
[Result "1-0"]
[WhiteElo "2131"]
[BlackElo "2032"]
[PlyCount "71"]
[EventDate "2014.01.02"]
[EventType "swiss"]
[EventRounds "7"]
[EventCountry "ITA"]
[SourceTitle "EXT 2015"]
[Source "ChessBase"]
[SourceDate "2014.11.20"]
[SourceVersion "1"]
[SourceVersionDate "2014.11.20"]
[SourceQuality "1"]

1. e4 c5 2. Nf3 d6 3. d4 cxd4 4. Nxd4 Nf6 5. Nc3 Nc6 6. Bg5 e6 7. Qd2 a6 8. 0-0-0 Bd7 9. f4 b5 10. Bxf6 gxf6 11. f5 Qb6 12. fxe6 fxe6 13. Nxc6 Qxc6 14. Qf4 Be7 15. Rd3 Qc5 16. Rg3 b4 17. Nd1 Rc8 18. Ne3 Bb5 19. Kb1 Kd7 20. Rg7 Qe5 21. Qh6 f5 22. Qg5 Rhe8 23. Bxb5+ axb5 24. exf5 Kd8 25. Qg3 Bf6 26. Qxe5 Bxe5 27. Rxh7 Bd4 28. Rd1 e5 29. Nd5 Rf8 30. g4 Rc4 31. h3 Bf2 32. b3 Rd4 33. Rxd4 Bxd4 34. Nxb4 Bc3 35. Nc6+ Kc8 36. Na7+ 1-0

[Event "Hamburg St Pauli op-A"]
[Site "Hamburg"]
[Date "2013.07.12"]
[Round "7"]
[White "Wollenweber, Carsten"]
[Black "Andersen, Jens Knud"]
[Result "1-0"]
[WhiteElo "2110"]
[BlackElo "2172"]
[PlyCount "130"]
[EventDate "2013.07.06"]
[EventType "swiss"]
[EventRounds "9"]
[EventCountry "GER"]
[SourceTitle "CBM 155 Extra"]
[Source "ChessBase"]
[SourceDate "2013.08.26"]
[SourceVersion "1"]
[SourceVersionDate "2013.08.26"]
[SourceQuality "1"]

1. e4 e6 2. Nf3 d5 3. Nc3 d4 4. Ne2 c5 5. Ng3 Nc6 6. Bc4 Nf6 7. 0-0 Be7 8. a4 0-0 9. d3 a6 10. Nd2 e5 11. Ne2 Bd6 12. f4 exf4 13. Nxf4 Qc7 14. Nb1 Ne5 15. Ba2 Ng6 16. Qf3 Ng4 17. h3 Bxf4 18. Bxf4 Qxf4 19. hxg4 Qg5 20. Na3 Bxg4 21. Bxf7+ Kh8 22. Qg3 Ne5 23. Rf5 Qe3+ 24. Qxe3 dxe3 25. Rxe5 Rxf7 26. Nc4 e2 27. Rxc5 Raf8 28. Ne3 h5 29. Re1 Kh7 30. a5 Kg6 31. b4 h4 32. b5 axb5 33. Rxb5 h3 34. gxh3 Bh5 35. Nf5 Rc7 36. Ng3 Bf3 37. Rf5 Rxf5 38. exf5+ Kg5 39. Kf2 Kf4 40. Nxe2+ Bxe2 41. Rxe2 Kxf5 42. d4 Rc3 43. h4 Rh3 44. Re5+ Kf4 45. Rg5 Rc3 46. Rc5 Rh3 47. h5 Rh2+ 48. Kg1 Rd2 49. c3 Ke4 50. Rc7 Ra2 51. Rxb7 Rxa5 52. Rxg7 Rxh5 53. Kf2 Rh2+ 54. Kg3 Rh1 55. Rc7 Rg1+ 56. Kf2 Rh1 57. Rg7 Rh3 58. Rg4+ Kd5 59. Rg3 Rh1 60. Ke3 Re1+ 61. Kd2 Re8 62. Kd3 Re1 63. c4+ Kd6 64. Rg6+ Kd7 65. c5 Rc1 1-0

[Event "Rome ASR op"]
[Site "Rome"]
[Date "2011.09.29"]
[Round "3"]
[White "Wollenweber, Carsten"]
[Black "Dietrich, Stefano"]
[Result "1-0"]
[WhiteElo "2112"]
[BlackElo "1880"]
[PlyCount "67"]
[EventDate "2011.09.15"]
[EventType "swiss"]
[EventRounds "5"]
[EventCountry "ITA"]
[SourceTitle "EXT 2024"]
[Source "ChessBase"]
[SourceDate "2023.10.10"]
[SourceVersion "1"]
[SourceVersionDate "2023.10.10"]
[SourceQuality "1"]

1. e4 c5 2. Nf3 Nc6 3. d4 cxd4 4. Nxd4 Nf6 5. Nc3 e5 6. Ndb5 d6 7. Bg5 a6 8. Na3 b5 9. Nd5 Be7 10. Nxe7 Nxe7 11. Qf3 Bg4 12. Qg3 Be6 13. f3 h6 14. Be3 g5 15. c4 b4 16. Nc2 Rb8 17. b3 Nh5 18. Qf2 f5 19. 0-0-0 fxe4 20. Bc5 Qa5 21. Bxd6 Rd8 22. Kb2 Nf6 23. Nxb4 e3 24. Qe1 Nf5 25. c5 Nd4 26. Qxe3 Qxb4 27. Qxe5 Kf7 28. Rxd4 Qb7 29. Qe1 Rhe8 30. Qa5 Bc8 31. Bc4+ Kg7 32. Qc3 Be6 33. Rhd1 Bxc4 34. Qxc4 1-0

[Event "Rome ASR op"]
[Site "Rome"]
[Date "2010.10.08"]
[Round "5"]
[White "Wollenweber, Carsten"]
[Black "Dietrich, Stefano"]
[Result "1-0"]
[WhiteElo "2131"]
[BlackElo "1763"]
[PlyCount "73"]
[EventDate "2010.09.16"]
[EventType "swiss"]
[EventRounds "5"]
[EventCountry "ITA"]
[SourceTitle "EXT 2024"]
[Source "ChessBase"]
[SourceDate "2023.10.10"]
[SourceVersion "1"]
[SourceVersionDate "2023.10.10"]
[SourceQuality "1"]

1. e4 c5 2. Nf3 Nc6 3. d4 cxd4 4. Nxd4 e5 5. Nb5 d6 6. Bc4 Nf6 7. Bg5 a6 8. Bxf6 gxf6 9. Qh5 Qd7 10. Bxf7+ Kd8 11. N5a3 b5 12. Nd2 Ra7 13. Bb3 Qg7 14. Qh4 Nd4 15. c3 Nxb3 16. axb3 Rd7 17. 0-0-0 h5 18. Nc2 Be7 19. Ne3 Qf7 20. Nf5 Rc7 21. f4 Be6 22. fxe5 fxe5 23. Nxe7 Qxe7 24. Qf2 Rc6 25. Rhf1 Bg4 26. Nf3 Kc8 27. Qd2 Be6 28. Kc2 Rg8 29. h4 Qf7 30. Nd4 Qxf1 31. Rxf1 exd4 32. Rf6 dxc3 33. bxc3 Kd7 34. Rh6 b4 35. c4 Rg3 36. Rh7+ Kc8 37. Qxb4 1-0

[Event "Rome ASR op"]
[Site "Rome"]
[Date "2010.09.30"]
[Round "4"]
[White "Vuelban, Virgilio"]
[Black "Wollenweber, Carsten"]
[Result "1-0"]
[WhiteElo "2370"]
[BlackElo "2131"]
[PlyCount "94"]
[EventDate "2010.09.16"]
[EventType "swiss"]
[EventRounds "5"]
[EventCountry "ITA"]
[SourceTitle "EXT 2024"]
[Source "ChessBase"]
[SourceDate "2023.10.10"]
[SourceVersion "1"]
[SourceVersionDate "2023.10.10"]
[SourceQuality "1"]

1. e4 d5 2. exd5 Nf6 3. d4 Nxd5 4. Nf3 g6 5. c4 Nb6 6. a4 a5 7. c5 N6d7 8. Bc4 e6 9. Bg5 Nf6 10. Nc3 Bg7 11. 0-0 0-0 12. Ne4 Nbd7 13. Bb5 c6 14. Bd3 h6 15. Bf4 Nxe4 16. Bxe4 Nf6 17. Bc2 Qd5 18. Re1 Rd8 19. Bc7 Rd7 20. Be5 Rd8 21. Bb3 Qd7 22. Qd2 g5 23. Bd6 b6 24. h4 g4 25. Ne5 Qb7 26. Bd1 Ne8 27. Bxg4 Nxd6 28. cxd6 Rxd6 29. Bh5 f6 30. Nc4 Rd8 31. Qc3 Qc7 32. Bf3 Bd7 33. Rac1 Rac8 34. Qb3 b5 35. Ne3 Qd6 36. Nf5 Qf8 37. Bxc6 bxa4 38. Qa2 Kh7 39. Bxd7 Rxc1 40. Rxc1 exf5 41. Bxf5+ Kh8 42. Qxa4 Qb4 43. Qxb4 axb4 44. d5 Bf8 45. Be6 Kg7 46. Rc7+ Kg6 47. g4 h5 1-0

[Event "Bargteheide op"]
[Site "Bargteheide"]
[Date "2010.05.14"]
[Round "4"]
[White "Hawellek, Jeronimo"]
[Black "Wollenweber, Carsten"]
[Result "1/2-1/2"]
[WhiteElo "2319"]
[BlackElo "2132"]
[PlyCount "54"]
[EventDate "2010.05.13"]
[EventType "swiss"]
[EventRounds "7"]
[EventCountry "GER"]
[SourceTitle "CBM 136 Extra"]
[Source "ChessBase"]
[SourceDate "2010.07.02"]
[SourceVersion "2"]
[SourceVersionDate "2010.07.15"]
[SourceQuality "1"]

1. d4 b5 2. e4 Bb7 3. Bxb5 Bxe4 4. Nf3 e6 5. 0-0 Nf6 6. c4 Be7 7. Nc3 Bb7 8. Re1 0-0 9. Ba4 d6 10. d5 e5 11. b4 a5 12. a3 Bc8 13. Bb2 Bg4 14. h3 Bh5 15. Qd3 Na6 16. Na2 Rb8 17. Bc3 Qc8 18. Nd2 Bg6 19. Qe2 axb4 20. axb4 Nh5 21. Bb5 Nf4 22. Qf3 Bh5 23. Qg3 Rb6 24. Nc1 Nb8 25. Ba4 Na6 26. Bb5 Nb8 27. Ba4 Na6 1/2-1/2